header

To save the land and people (Record no. 119090)

MARC details
000 -LEADER
fixed length control field 02435nam a22003494a 4500
082 04 - DEWEY DECIMAL CLASSIFICATION NUMBER
Classification number 338.2/724/0974
100 1# - MAIN ENTRY--AUTHOR NAME
Personal name Montrie, Chad.
245 10 - TITLE STATEMENT
Title To save the land and people
260 ## - PUBLICATION, DISTRIBUTION, ETC. (IMPRINT)
Place of publication Chapel Hill :
Name of publisher University of North Carolina Press,
Year of publication c2003.
300 ## - PHYSICAL DESCRIPTION
Number of Pages xv, 245 p. :
Other physical details ill.
505 8# - FORMATTED CONTENTS NOTE
Formatted contents note Machine generated contents note: Acknowledgments xi --Abbreviations xiii --Introduction. -- Common People and Private Property 1 --1 Making, Taking, and Stripping the Land 7 --2 Our Country Would BeBetter Fit for Farming: Opposition to Surface Coal Mining in Ohio 25 --3 Selfish Interests: -- Opposition to Surface Coal Mining in Pennsylvania 43 --4 We Feel We Have Been Forsaken: Opposition to Surface Coal Mining in Kentucky, 1954-1967 61 --5 We Will Stop the Bulldozers: Opposition to Surface Coal Mining in Kentucky, 1967-1972 85 -- 6 The Dilemma Is a Classic One: Opposition to Surface Coal Mining in West Virginia 107 --7 Liberty in a Wasteland Is Meaningless: Strip Mining Opposition at the Federal Level, 1968-1972 127 --8 Getting More and More Cynical: Decline of the Opposition, 1973-1977 155 --9 Against the Little Man Like Me: Legalized Destruction in the SMCRA Era 181 --Conclusion. -- Having to Fight the Whole System 201 --Notes 207 -- Selected Bibliography 235 -- Index 241.
650 #0 - SUBJECT ADDED ENTRY--TOPICAL TERM
Topical Term Strip mining
Topical Term Strip mining
Topical Term Public opinion
856 40 - ELECTRONIC LOCATION AND ACCESS
Uniform Resource Identifier http://site.ebrary.com/lib/rucke/Doc?id=10202620

No items available.

© 2026 Rongo University
Contact us: librarian | system librarian | Rongo university